Tecnología y gestión de agencias de viajes (Registro nro. 6731)
[ vista simple ]
| 000 -CABECERA | |
|---|---|
| campo de control de longitud fija | 00815aam a2200277 4500 |
| 005 - FECHA Y HORA DE ACTUALIZACIÓN | |
| campo de control | 20170209153355.0 |
| 008 - LONGITUD FIJA | |
| campo de control de longitud fija | 150728b xxu||||| |||| 00| 0 spa d |
| 041 ## - IDIOMA | |
| Código de idioma del texto/pista de sonido o título separado | |
| 082 ## - CLASIFICACIÓN DECIMAL DEWEY | |
| Número de clasificación | 1.3.4 K79t |
| 100 ## - AUTOR PERSONAL | |
| Nombre de persona | Kohen, Pablo A. |
| 245 ## - TÍTULO PROPIAMENTE DICHO | |
| Título | Tecnología y gestión de agencias de viajes |
| 260 ## - PIE DE IMPRENTA | |
| Lugar de publicación, distribución, etc. | Argentina |
| 260 ## - PIE DE IMPRENTA | |
| Nombre del editor, distribuidor, etc. | Macchi |
| 260 ## - PIE DE IMPRENTA | |
| Fecha de publicación, distribución, etc. | 2005 |
| 300 ## - DESCRIPCIÓN FÍSICA | |
| Extensión | 204 páginas |
| 650 ## - Materia General | |
| Materia general | AGENCIAS DE VIAJES |
| 650 ## - Materia General | |
| Materia general | TURISMO |
| 650 ## - Materia General | |
| Materia general | EMPRESAS TURÍSTICAS |
| 650 ## - Materia General | |
| Materia general | FUNCIONES DE LAS AGENCIAS DE VIAJES |
| 650 ## - Materia General | |
| Materia general | COMERCIALIZACIÓN DEL TURISMO |
| 650 ## - Materia General | |
| Materia general | SERVICIOS TURÍSTICOS |
| 650 ## - Materia General | |
| Materia general | SERVICIO AL CLIENTE |
| 650 ## - Materia General | |
| Materia general | RESERVACIONES |
| 650 ## - Materia General | |
| Materia general | ADMINISTRACIÓN DE AGENCIAS DE VIAJES |
| 942 ## - Punto de Acceso Adicional Koha | |
| Tipo de ítem Koha | Libro |
| Estado perdido | Estado dañado | No para préstamo | Biblioteca permanente | Biblioteca actual | Signatura completa | Código de barras | Precio efectivo a partir del | Tipo de ítem |
|---|---|---|---|---|---|---|---|---|
| Departamento de Biblioteca y Documentación Alfonso Chase Brenes | Departamento de Biblioteca y Documentación Alfonso Chase Brenes | 1.3.4 K79t | 11975 | 09/02/2017 | Libro | |||
| Departamento de Biblioteca y Documentación Alfonso Chase Brenes | Departamento de Biblioteca y Documentación Alfonso Chase Brenes | 1.3.4 K79t | 11976 | 09/02/2017 | Libro | |||
| Departamento de Biblioteca y Documentación Alfonso Chase Brenes | Departamento de Biblioteca y Documentación Alfonso Chase Brenes | 1.3.4 K79t | 11977 | 09/02/2017 | Libro |